Marvel Heroes by German Names (Simple) #4 - Statistics

General Stats
  • This quiz has been taken 4 times
  • The average score is 12 of 20
Answer Stats
German Name Answer % Correct
Unsichtbare Frau Invisible Woman
100%
Mann-Ding Man-Thing
100%
Quecksilber Quicksilver
100%
Spinne-Frau Spider-Woman
100%
Koloss Colossus
75%
Zyklop Cyclops
75%
Mond-Mädchen Moon-Girl
75%
Power Mann Power Man/Luke Cage
75%
Spektrum Spectrum
75%
Werwolf bei Nacht Werewolf by Night
75%
Wolfsbann Wolfsbane
75%
Klinge Blade
50%
Nachtfälter Nightcrawler
50%
Sonnenfleck Sunspot
50%
(Agent) Gift (Agent) Venom
25%
Älteste Ancient One
25%
Polarlicht Aurora
25%
Schmiede Forge
25%
Schwertkäpfer Swordsman
25%
Waldwespe Yellow Jacket
25%
No matching quizzes found
Score Distribution
Percent of People with Each Score
Percentile by Number Answered
Your Score History
You have not taken this quiz